El manejo del texto y su relación con la comprensión lectora

Salvato in:
Dettagli Bibliografici
Autore principale: Ugalde, María del Carmen (Autore)
Natura: Libro
Lingua:spagnolo
Pubblicazione: San José Universidad de Costa Rica 1988
Soggetti:
Tags: Aggiungi Tag
Nessun Tag, puoi essere il primo ad aggiungerne!!

MARC

LEADER 00000nam a2200000 a 4500
001 UCS8605
003 CL-VaPUC
005 20231220103547.0
008 971107e19880000cr 1 spa d
082 0 4 |a 372.4  |b UGA  |2 21 
100 1 |a Ugalde, María del Carmen  |e author  |9 618611 
245 1 3 |a El manejo del texto y su relación con la comprensión lectora 
260 |a San José  |b Universidad de Costa Rica  |c 1988 
300 |a 25 p 
583 |a last modification  |c 19971107 00:00:00  |k Rodrigo Vera 
650 0 0 |a Comprensión de lectura  |9 307588 
650 0 0 |a Lectoescritura  |9 309175 
650 0 0 |a Métodos de enseñanza  |9 270413 
650 0 0 |a Métodos de estudio  |9 260518 
650 0 0 |a Congresos  |9 257560 
942 |c BK 
945 |a rleighto  |d 19971107 00:00:00 
546 |a En Español 
518 |p La lecto-escritura como factor del éxito o fracaso escolar 
999 |c 383043  |d 383041 
952 |0 0  |1 0  |4 0  |6 372_400000000000000_UGA_1988  |7 0  |8 P  |9 505037  |a BIBEDU  |b BIBEDU  |c BIBEDU_PB  |d 2020-01-23  |i 329434K  |o 372.4 UGA 1988  |p 329434K  |r 2024-01-25  |w 2020-01-23  |y BK  |k EDU